Early history of the Christian church : (Record no. 23637)

MARC details
000 -LEADER
fixed length control field 00666cam a22001931a 4500
082 ## - DEWEY DECIMAL CLASSIFICATION NUMBER
Classification number 270.1
Author Cutter DUC
100 1# - MAIN ENTRY--AUTHOR NAME
Author name Duchesne, L.
245 00 - TITLE STATEMENT
Title Early history of the Christian church :
260 ## - PUBLICATION, DISTRIBUTION, ETC. (IMPRINT)
Place of publication London :
Name of publisher J. Murray,
Year of publication 1909-1924.
300 ## - PHYSICAL DESCRIPTION
Number of Pages 3 v. ;
500 ## - GENERAL NOTE
General note Translation of Histoire ancienne de l'église.
500 ## - GENERAL NOTE
General note Title varies slightly: vol. I, Early history of the Christian church ... to the end of the third century.
500 ## - GENERAL NOTE
General note Vol. I is of the American edition (New York, Longmans, Green & co.)
500 ## - GENERAL NOTE
General note Vol. III translated by Claude Jenkins.
650 #0 - SUBJECT ADDED ENTRY--TOPICAL TERM
Topical Term Church history
942 ## - ADDED ENTRY ELEMENTS (KOHA)
Koha item type Books
700 1# -
-- Jenkins, Claude,
Holdings
Home library Current library Shelving location Date acquired Full call number Accession Number Koha item type Source of acquisition
Henry Martyn Institute Library Henry Martyn Institute Library General stacks 10/21/2025 270.1 DUC 3430 Books  
Henry Martyn Institute Library Henry Martyn Institute Library General stacks 10/23/2025 270.1 DUC 3431 Books  
Henry Martyn Institute Library Henry Martyn Institute Library General stacks 10/23/2025 270.1 DUC 3432 Books Director
                   Copyright © 2026 | Henry Martyn Institute | Hyderabad | TS-500052 | INDIA | Implemented by hmi.edu.in
Hit-Count:

Powered by Koha